000 01831cam a2200493 4500
001 21426
003 VRT
005 20260302102251.0
008 251103s2019 xr a br 001 p slo
015 _aSNBZSA2020/01
020 _a9788074517402
_q(viazané)
035 _aurn:nbn:sk:snk-am00dx91
035 _aurn:nbn:sk:snk-am3i8cl
035 _a7136153D-2887-4369-AD61-3F77F15C2519
039 9 _a202511031442
_bVLOAD
_c202304291428
_dAUTHORITY
_c202304291418
_dAUTHORITY
_c202304291417
_dAUTHORITY
040 _aSKPK
_bslo
_cSKPK
_dSNK
_erda
041 1 _aslo
_hcze
044 _axr
_cCZ
072 7 _a821.162.3
_xČeská literatúra
_2konspekt
072 7 _a821-93
_xLiteratúra pre deti a mládež (beletria)
_2konspekt
080 _a821-193
_22011
080 _a82-93-053.4/.5
_22011
080 _a82-98
_22011
100 1 _aGebhartová, Vladimíra,
_d1931-2018
_4com
245 0 0 _aVeľká kniha riekaniek
_czostavila Vladimíra Gebhartová ; ilustrácie Antonín Šplíchal
264 1 _aPraha
_bOttovo nakladatelství, s.r.o.
_c2019
300 _a112 strán
_bilustrácie
_c31 cm
336 _atext
_btxt
_2rdacontent
336 _astatický obraz
_bsti
_2rdacontent
337 _abez média
_bn
_2rdamedia
338 _azväzok
_bnc
_2rdacarrier
500 _aPreložené pravdepodobne z češtiny
504 _aObsahuje abecedný a tematický register na strane 108 - 112
650 7 _ahádanky
_2SNKPH
650 7 _aRiddles
_2SNKPHeng
655 7 _ariekanky
_2SNKPH
655 7 _aliteratúra pre deti
_2SNKPH
655 7 _aNursery rhymes
_2SNKPHeng
655 7 _aChildren's literature
_2SNKPHeng
700 1 _aŠplíchal, Antonín,
_d1947-
_4ill
700 1 _aDunajová, Tatiana
_4trl
942 _2ddc
_cKLDE
_n0
949 _617A1390288
_asnkSB 94691
_bsnk2019/25674
_oPemic17-ah/23Int. č. fa - 10/2019
_s6100:20200113
999 _c21426
_d21426